Philosophical perspectives on people power (Record no. 121319)
[ view plain ]
| 000 -LEADER | |
|---|---|
| fixed length control field | 00417nam a22001337a 4500 |
| 005 - DATE AND TIME OF LATEST TRANSACTION | |
| control field | 20141126125531.0 |
| 008 - FIXED-LENGTH DATA ELEMENTS--GENERAL INFORMATION | |
| fixed length control field | 141126b xxu||||| |||| 00| 0 eng d |
| 050 ## - LIBRARY OF CONGRESS CALL NUMBER | |
| Classification number | JC330.15 |
| Item number | R585 2001 |
| 100 ## - MAIN ENTRY--PERSONAL NAME | |
| Personal name | Riordan, Patrick |
| 9 (RLIN) | 12872 |
| 245 ## - TITLE STATEMENT | |
| Title | Philosophical perspectives on people power |
| Statement of responsibility, etc | Riordan, Patrick |
| 260 ## - PUBLICATION, DISTRIBUTION, ETC. (IMPRINT) | |
| Place of publication, distribution, etc | Naga City |
| Name of publisher, distributor, etc | Ateneo de Naga university |
| Date of publication, distribution, etc | 2001 |
| 300 ## - PHYSICAL DESCRIPTION | |
| Extent | ix, 93p.; |
| Dimensions | 23cm. |
| 942 ## - ADDED ENTRY ELEMENTS (KOHA) | |
| Source of classification or shelving scheme | Library of Congress Classification |
| Item type | Monograph ( Printed materials) |
| Withdrawn status | Lost status | Source of classification or shelving scheme | Damaged status | Not for loan | Collection code | Home library | Current library | Shelving location | Date acquired | Total Checkouts | Full call number | Barcode | Date last seen | Date last borrowed | Price effective from | Koha item type |
|---|---|---|---|---|---|---|---|---|---|---|---|---|---|---|---|---|
| Library of Congress Classification | Main Collection | ARRUPE LIBRARY | ARRUPE LIBRARY | Main Collection | 26/11/2014 | 1 | JC330.15 R585 2001 | 46500001207 | 23/02/2023 | 30/01/2023 | 26/11/2014 | Monograph ( Printed materials) |